Представление документа в формате RUSMARC

ПолеНазваниеЗначение
  Тип записи a
  Библиографический уровень m
001 Контрольный номер a3589470581e422488c64a4876015c32
005 Дата корректировки 20160208095051.2
010 Индекс ISBN __
a ISBN 978-5-394-02183-1
d Цена 315,00
101 Язык документа 0_
a Язык текста rus
102 Страна публикации __
a Страна публикации RU
200 Заглавие и сведения об ответственности 1_
a Заглавие Статистика
b Общее обозначение материала Текст
e Сведения, относящиеся к заглавию учебник для бакалавров
f Первые сведения об ответственности А. М. Годин
205 Сведения об издании __
a Основные сведения об издании 11-е изд., перераб. и испр.
210 Выходные данные 1_
a Место издания М.
c Издательство Издательско-торговая корпорация "Дашков и К"
d Дата издания 2014
215 Физическое описание __
a Объем 412с.
610 Ключевые слова 0_
a Ключевые слова статистика
a Ключевые слова статистическое наблюдение
a Ключевые слова абсолютные величины
a Ключевые слова относительные величины
a Ключевые слова средние величины
a Ключевые слова выборочное наблюдение
686 Индексы других классификаций __
a Классификационный индекс 60.6
700 Автор _1
a Фамилия Годин А. М.
801 Источник записи _0
a Страна RU
b Организация РУК
g Правила каталогизации PSBO
801 Источник записи _1
a Страна RU
b Организация РУК
g Правила каталогизации PSBO
852 Данные о местонахождении __
i Авторский знак Г 59
j Шифр хранения 60.6
b Сигла хранения ЧЗ_1
t Номер экземпляра 1
p Инвентарный номер 1800150260
901 Тип документа __
t Тип документа m
937 Технологическая информация __
a Создатель записи (имя) Носкова
938 Служебная информация __
a Название организации Саранский филиал
952 Тип литературы __
b Гриф литературы для ВШ гриф МО
c Вид литературы учебник